Global plan of action for the conservation, sustainable use and development of forest genetic resources / (Record no. 12002)

000 -LEADER
fixed length control field 01983cam a22002057i 4500
020 ## - INTERNATIONAL STANDARD BOOK NUMBER
ISBN 9789251084229
020 ## - INTERNATIONAL STANDARD BOOK NUMBER
ISBN 925108422X
040 ## - CATALOGING SOURCE
Transcribing agency BTCTA
082 04 - DEWEY DECIMAL CLASSIFICATION NUMBER
Classification number 333 FAO 2015 A018 Or.
110 2# - MAIN ENTRY--CORPORATE NAME
Corporate name or jurisdiction name as entry element Commission on Genetic Resources for Food and Agriculture.
245 10 - TITLE STATEMENT
Title Global plan of action for the conservation, sustainable use and development of forest genetic resources /
300 ## - PHYSICAL DESCRIPTION
Number of Pages 31 p. ;
Dimensions 25 cm
500 ## - GENERAL NOTE
General note Cover title.
520 ## - SUMMARY, ETC.
Summary, etc "Forest genetic resources (FGR) are the heritable materials maintained within and among tree and other woody plant species that are of actual or potential economic, environmental, scientific or societal value. They are crucial to the adaptation and protection of our ecosystems, landscapes and production systems, yet are subject to increasing pressures and unsustainable use. At its 11th session in June 2007, the Commission on Genetic Resources for Food and Agriculture emphasized the urgent need to conserve and sustainably use FGR, and included a report on The State of the World's Forest Genetic Resources in its Multi-Year Programme of Work. On the basis of the information and knowledge compiled by FAO for The State of [the] World's Forest Genetic Resources, the Commission developed the Global Plan of Action for the Conservation, Sustainable Use and Development of Forest Genetic Resources, adopted by the FAO Conference at its 38th session in June 2013. This Global Plan of Action identifies 27 strategic priorities grouped into 4 areas: 1) improving the availability of, and access to, information on FGR; 2) conservation of FGR (in situ and ex situ); 3) sustainable use, development and management of FGR; 4) policies, institutions and capacity-building."--Foreword, page [1].
650 #0 - SUBJECT ADDED ENTRY--TOPICAL TERM
Topical Term Forest germplasm resources conservation.
650 #0 - SUBJECT ADDED ENTRY--TOPICAL TERM
Topical Term Germplasm resources, Plant
650 #7 - SUBJECT ADDED ENTRY--TOPICAL TERM
Topical Term Forest germplasm resources conservation.
710 2# - ADDED ENTRY--CORPORATE NAME
Corporate name or jurisdiction name as entry element Food and Agriculture Organization of the United Nations.
942 ## - ADDED ENTRY ELEMENTS (KOHA)
Koha item type សៀវភៅភាសាអង់គ្លេស
952 ## - LOCATION AND ITEM INFORMATION (KOHA)
Withdrawn status [LOCAL, KOHA] 0
Holdings
Permanent Location Date acquired Koha item type Lost status Shelving location Barcode Current Location Full call number
Library Block A2017-08-09សៀវភៅភាសាអង់គ្លេស A018RUA060195Library Block A333 FAO 2015 A018 Or.
មជ្ឈមណ្ឌលឯការនៃសាកលវិទ្យាល័យភូមិន្ទកសិកម្មចំការដូង

Powered by Koha